| 000 | 00509nam a22001457a 4500 | ||
|---|---|---|---|
| 020 | _a9781473953246 | ||
| 082 |
_a300.721 _bBRA |
||
| 100 | _aBraun, Virginia; Clarke, Victoria | ||
| 245 |
_aThematic analysis : _ba practical guide / _cVirginia Braun, Victoria Clarke, |
||
| 260 |
_aLos Angeles: _bSage publications; _c2022. |
||
| 300 | _a338p. | ||
| 563 | _aPB | ||
| 650 |
_aSocial sciences--Research--Methodology _aQualitative research--Methodology _aQualitative reasoning _9118062 |
||
| 942 |
_2ddc _cBK |
||
| 999 |
_c603120 _d603120 |
||